Terrorism insurance not available (Record no. 69776)

MARC details
000 -LEADER
fixed length control field 00824cam a2200193 4500
001 - CONTROL NUMBER
control field WB3810-17
008 - FIXED-LENGTH DATA ELEMENTS--GENERAL INFORMATION
fixed length control field 020313n2002 000 0 eng u
035 ## - SYSTEM CONTROL NUMBER
System control number (Sirsi) u117122
245 ## - TITLE STATEMENT
Title Terrorism insurance not available
260 ## - PUBLICATION, DISTRIBUTION, ETC.
Date of publication, distribution, etc. 2002
490 ## - SERIES STATEMENT
Series statement Estates Gazette
Volume/sequential designation (0210) 9 March 2002, 30(1)
520 ## - SUMMARY, ETC.
Summary, etc. Commercial property owners will face potentially disastrous building insurance gaps at March renewal. Terrorism insurance is not available and industry representatives call on the Treasury Minister to expand urgently the government-backed Pool Re scheme. For further information on Pool Re go to http://www.psa.co.uk/forum/news230102_01.asp
590 ## - LOCAL NOTE (RLIN)
Local note WB
650 ## - SUBJECT ADDED ENTRY--TOPICAL TERM
Topical term or geographic name entry element PROPERTY-COMMERCIAL PROPERTY
650 ## - SUBJECT ADDED ENTRY--TOPICAL TERM
Topical term or geographic name entry element POOL RE
650 ## - SUBJECT ADDED ENTRY--TOPICAL TERM
Topical term or geographic name entry element TERRORISM INSURANCE
690 ## - LOCAL SUBJECT ADDED ENTRY--TOPICAL TERM (OCLC, RLIN)
Topical term or geographic name as entry element Insurance
9 (RLIN) 6249
942 ## - ADDED ENTRY ELEMENTS (KOHA)
Suppress in OPAC 0
Holdings
Withdrawn status Lost status Source of classification or shelving scheme Damaged status Not for loan Home library Current library Shelving location Date acquired Total Checkouts Full call number Barcode Date last seen Copy number Price effective from Koha item type
    Dewey Decimal Classification     London London News article 13/03/2002   WB3810-17 117122-1001 06/08/2019 1 06/08/2019 News article